000 00956cam a22002773a 4500
001 24788
003 PGUSA
005 20140828083531.0
008 080309s2008||||xxu|||||s|||||000 | eng d
040 _aPGUSA
_beng
042 _adc
050 4 _aE011
050 4 _aPM
050 4 _aRV
100 1 _aMooney, James,
_d1861-1921
245 1 4 _aThe Sacred Formulas of the Cherokees :
_bSeventh Annual Report of the Bureau of Ethnology to the Secretary of the Smithsonian Institution, 1885-1886, Government Printing Office, Washington, 1891, pages 301-398
_h[electronic resource] /
_cJames Mooney
260 _bProject Gutenberg,
_c2008
506 _aPublic domain in the USA.
516 _aElectronic text
653 _aCherokee Indians -- Religion
653 _aIndians of North America -- Medicine
653 _aCherokee language -- Texts
830 0 _aProject Gutenberg
_v24788
856 4 0 _uhttp://www.gutenberg.org/ebooks/24788
942 _cEB
999 _c254043
_d254043